000 00284nam a22001097a 4500
008 230627b xxu||||| |||| 00| 0 eng d
082 _23
_a338.8
_bMIS 1963
245 _aHuman Action
_bA Treatise on Economics
260 _bYale University
_c1963
300 _aXVII,907p
942 _2ddc
_cBK
999 _c2921
_d2921